000 00873nam a2200265Ia 4500
003 OSt
005 20221005110605.0
006 a|||||r|||| 00| 0
007 ta
008 221004b |||||||| |||| 00| 0 hin d
020 _a8126311096 (hbk)
_c150
024 _a8014
037 _b253, 24/10/2013, Swaraj Prakashan
_cTextual
040 _aCRL
_cCRL
_bhin
041 _2hin
_ahin
082 _aO152,3N358,NI, P5
100 _aसेठ, राजी
245 0 _aनिष्कवच
246 _aNiṣhkavacha
260 _aनई दिल्ली
_bभारतीय ज्ञानपीठ भारत
_c2005
300 _a116पृ0
_ccm.
650 _aहिन्दी साहित्य
942 _hO152,3N358,NI, P5
_cTEXL
_2cc
999 _c1019297
_d1019297